000 00536nam a2200157 a 4500
001 000013408
005 20240404094740.0
008 091124s2008 dr a 000 0 spa d
020 _a9789945452631
040 _aDO-SdBNP
_bspa
_cBNPHU
100 1 _aCruz Sánchez, Filiberto
_913112
245 1 4 _aLas elecciones en tiempos de Leonel Fernández /
_cFiliberto Cruz Sánchez.
260 _aSanto Domingo, :
_bEl nuevo diario,
_c2008.
300 _a102 p. :
_bil. ;
_c21 cm.
500 _aIncluye datos biografícos del autor en la contraportada
999 _c13034
_d13034